000 00731nam a22002057a 4500
005 20130412112315.0
010 _aB-498270-296
020 _a9788180460838
_c150.00
035 _aB-498270-296
037 _bUBH/Ven
082 _a378.5416
100 _aSurana, Piyush
245 _aDelhi College of guide 2012 /
_cby Piyush Surana and Varun Pasricha
260 _aNew Delhi
_bAlchemy Publishers
_cc2012
270 _a4767/23, Pratap Street, Ansari Road, Darya Ganj, New Delhi-110002
_bNew Delhi
_e110002
300 _a266p.
_bill.
_c21cm(pbk)
700 _dPasricha, Varun
942 _2ddc
_cEN
_mSUR
_h378.5416
999 _c74127
_d74127